Responses for show #5877 - Tuesday, March 16, 2010

Contestants

Amanda Baber, a project assistant originally from Edmond, Oklahoma

Jayson Johnson, a systems analyst from Charlotte, North Carolina

Rachel Pildis, a software developer from Oak Park, Illinois (whose 1-day cash winnings total $12,000)

Jeopardy! Round responses

AMERICAN PRESIDENT: THE SOAP OPERA
FILM TITLES IN FOREIGN LANDS
WHERE THE WILD THINGS WERE
THE SHARED LOUISIANA PARISH NAME
FOOTWEAR
BROKE-DOWN WORDS
(Alex: We'll break down each response for you within the clue itself.)
    $200 6
Nixon

Amanda
    $200 16
(Rachel: What is Eyes Wide Shut?)

Bewitched

RachelAmanda
    $200 1
South America

Jayson
    $200 21
Franklin

Jayson
    $200 11
bootie

Jayson
    $200 26
pitfall

Amanda
    $400 7
(Bill) Clinton

Jayson
    $400 17
Stuart Little

Jayson
    $400 2
wolf

Triple Stumper
    $400 22
Madison

Jayson
    $400 12
a flip-flop

Rachel
    $400 27
dogcatcher

Jayson
    $600 8
Buchanan

Jayson
    $600 18
The Longest Yard

Jayson
    $600 3
Africa

Rachel
    $600 23
Jackson

Amanda
    $600 13
waders

Jayson
    $600 28
frostbite

Amanda
    $800 9
Warren Harding

Rachel
    $800 19
You Don't Mess with the Zohan

Triple Stumper
    $800 4
butterflies

Rachel
    $800 24
Allen

Jayson
    $800 14
clog

Amanda
    $800 29
foreshadow

Amanda
    $1000 10
Teddy Roosevelt

Jayson
    $1000 20
Daddy Day Care

Triple Stumper
    $1000 5
Christmas Island

Amanda
    $1000 25
Lincoln

Jayson
    $1000 15
a penny loafer

Amanda
    $1,500 30
warlock

Amanda

Scores at the first commercial break (after clue 15):

Rachel Jayson Amanda
$2,600 $3,000 $3,000

Scores at the end of the Jeopardy! Round:

Rachel Jayson Amanda
$2,400 $6,800 $6,900

Double Jeopardy! Round responses

OUR GEOMETRIC WORLD
BARTENDING
PICTURE BOOK TITLE ANIMALS
PHILOSOPHIC IDEAS
WATCHING THE DETECTIVES
"MON"-OTONY
    $400 11
(Jayson: What is the equator?)

the Arctic Circle

RachelJayson
    $400 16
salt

Jayson
    $400 1
(Amanda: What is Hippo?)

Caterpillar

JaysonAmanda
    $400 4
intuition

Rachel
    $400 9
Rockford

Amanda
    $400 22
a monitor

Amanda
    $800 12
Pyramid Arena

Triple Stumper
    $800 17
spoon

Rachel
    $800 2
(Alex: If you give a [*] a cookie, he'll eat it and thrive.)

Mouse

Triple Stumper
    $800 5
agnosticism

Rachel
    $800 10
Magnum

Rachel
    $800 23
a monologue

Rachel
    $1200 13
Triangle

Rachel
    $1200 18
bouquet

Amanda
    $1200 3
Ducklings

Rachel
    $1200 6
wind, earth, fire and water

Jayson
    $1200 19
The Fugitive

Amanda
    $1200 24
a montage

Jayson
    $1600 14
the Line of Death

Triple Stumper
    $3,000 27
(Rachel: What is an aperitif?)

bitters

Rachel
    $1600 29
(Jayson: What is Ape?)

Dog

Jayson
Triple Stumper
    $3,000 7
superman

Jayson
    $1600 20
Jeff Goldblum

Amanda
    $1600 25
moniker

Jayson
    $2000 15
Leicester Square

Rachel
    $2000 28
pilsner

Rachel
    $2000 30
Llama

Triple Stumper
    $2000 8
empiricism

Amanda
    $2000 21
Bored to Death

Amanda
    $2000 26
the monotremes

Rachel

Scores at the end of the Double Jeopardy! Round:

Rachel Jayson Amanda
$11,800 $12,600 $15,300

[wagering suggestions for these scores]

Final Jeopardy! Round responses

FAMOUS AMERICANS
RachelWho was Lindburgh?
$4,200
JaysonWho was Hemingway?
$11,100
AmandaWho was Charles Lindbergh
$9,900
Charles Lindbergh

Final scores:

Rachel Jayson Amanda
$16,000 $1,500 $25,200
2nd place: $2,000 3rd place: $1,000 New champion: $25,200

Game dynamics:

Coryat scores:

Rachel Jayson Amanda
$14,800 $11,200 $14,800
15 R,
2 W
(including 1 DD)
19 R
(including 1 DD),
2 W
17 R
(including 1 DD),
1 W

Combined Coryat: $40,800

The J! Archive is created by fans, for fans. The Jeopardy! game show and all elements thereof, including but not limited to copyright and trademark thereto, are the property of Jeopardy Productions, Inc. and are protected under law. This website is not affiliated with, sponsored by, or operated by Jeopardy Productions, Inc. Join the discussion at JBoard.tv.